| 000 | 01561cam a2200325 a 4500 | ||
|---|---|---|---|
| 001 | 16948762 | ||
| 003 | PILC | ||
| 005 | 20151110150912.0 | ||
| 008 | 110906s2010 enk 000 0 eng | ||
| 010 | _a 2011453905 | ||
| 020 | _a9780141442259 | ||
| 040 |
_aDLC _cDLC _dDLC |
||
| 041 | 1 |
_aeng _hita |
|
| 042 | _apcc | ||
| 050 | 0 | 0 |
_aJC 143 _b.M38 2009 |
| 082 | 0 | 0 | _a320.1 |
| 100 | 1 |
_aMachiavelli, Niccolò, _d1469-1527. |
|
| 240 | 1 | 0 |
_aPrincipe. _lEnglish |
| 245 | 1 | 4 |
_aThe prince : _bthe original classic / _cNiccolo Machiavelli ; with an introduction and translation by Tim Parks. |
| 260 |
_aEngland : _bPenguin Books, _c2009. |
||
| 300 |
_axli, 198 p. ; _c21 cm. |
||
| 500 | _a"Based on the complete 1910 edition of The Prince, by Niccolo Machiavelli, translated by Ninian Hill Thomson, published by P.F. Collier and Son Company, New York"--T.p. verso. | ||
| 520 | _aMachiavelli's famously controversial work, is a leadership classic. This was the first book of its type to promise secrets of time management, presentations, change management and interview skills. With simple prose and straightforward logic Machiavelli's study of attaining power is relevant for any modern reader seeking to make their way in the world | ||
| 650 | 0 |
_aPolitical science _xPhilosophy _vEarly works to 1800. |
|
| 650 | 0 |
_aPolitical ethics _vEarly works to 1800. |
|
| 650 | 0 |
_aState, The _vEarly works to 1800. |
|
| 906 |
_a7 _bcbc _corigres _d2 _encip _f20 _gy-gencatlg |
||
| 942 |
_2lcc _cBK |
||
| 999 |
_c288957 _d288957 |
||